000 01461nam a22003494a 4500
001 ebr10265617
003 CaPaEBR
006 m u
007 cr cn|||||||||
008 030306s2003 nyua sb 001 0 eng
020 _z0826119344
040 _aCaPaEBR
_cCaPaEBR
035 _a(OCoLC)298723861
050 1 4 _aRT86.7
_b.M36 2003eb
082 0 4 _a362.1/73/068
_221
245 0 0 _aManaging your practice
_h[electronic resource] :
_ba guide for advanced practice nurses /
_cJoyce J. Fitzpatrick, Ann Glasgow, Jane N. Young, editors.
260 _aNew York :
_bSpringer Pub. Co.,
_cc2003.
300 _axii, 236 p. :
_bill.
490 1 _aSpringer series on nursing management and leadership
504 _aIncludes bibliographical references (p. 220-226) and index.
533 _aElectronic reproduction.
_bPalo Alto, Calif. :
_cebrary,
_d2013.
_nAvailable via World Wide Web.
_nAccess may be limited to ebrary affiliated libraries.
650 0 _aNursing
_xPractice.
650 0 _aNursing services
_xAdministration.
650 0 _aNursing services
_xBusiness management.
655 7 _aElectronic books.
_2local
700 1 _aFitzpatrick, Joyce J.,
_d1944-
700 1 _aGlasgow, Ann.
700 1 _aYoung, Jane N.
710 2 _aebrary, Inc.
830 0 _aSpringer series on nursing management and leadership.
856 4 0 _uhttp://site.ebrary.com/lib/rucke/Doc?id=10265617
_zAn electronic book accessible through the World Wide Web; click to view
999 _c25272
_d25272